000 00594nam a22001937a 4500
999 _c16055
_d16055
003 AR-CdUCM
008 190430b ||||| |||| 00| 0 spa d
040 _aMUNICIPALIDAD PROVINCIAL DEL CUSCO
_cBIBLIOTECA MUNICIPAL DEL CUSCO
082 _a940.53 /
_bF85
100 _aFry, Varian
_935337
245 _aAtlas comentado de la guerra /
260 _aSantiago de Chile :
_bEdic. Ercilla
_c1940.
300 _a98 paginas ;
_bMapas,
_c18 cm.
505 _aContenido :Atlas de la guerra /
650 _aAtlas
_93723
650 _aGuerra
_91007
942 _2ddc
_cLIBROS
945 _arjall
_d2019-04-30